00234nam a22001097a 4500003000400000020002100004082001500025100001700040245003300057260002600090300000800116SGT a978-81-8487-2705 a628.5bJAI aJAIN, MONIKA aENVIRONMENTAL BIOTECHNOLOGY  aDELHI bNAROSA c2014 a292